000
00282nam a22001097a 4500
008
160520b xxu||||| |||| 00| 0 eng d
020
_a
0256033021
041
_a
eng
080
_a
339.138
245
_a
Contemporary advertising:
_c
Courtland L. Bovee; William F. Arens;
942
_2
udc
_c
BK
999
_c
2280
_d
2280